000 00871cam a22002891 4500
001 sa 65000964
003 DLC
005 20260227112106.0
008 910102m19591964ii 000 0 sano
010 _asa 65000964
035 _a(OCoLC)22916744
040 _aDLC
_cWaU
_dDLC
042 _apremarc
050 0 0 _aPK3796
_b.R2 1959
100 0 _aKālidāsa.
245 1 0 _aRaghuvaṃśaḥ.
260 _c1959-64 [v.1, 1964]
300 _a3 v.
_c24 cm.
440 0 _aSri Ravi Varma Sanskrit series,
_v3
500 _aVol. 2 has sub editor: D. Damodara Pisharodi.
500 _aIn Sanskrit.
700 2 _aAchyutha Poduval, K.
700 2 _aRaman Nambiar, C. K.
700 1 _aPisharodi, D. Damodara.
700 0 _aAruṇakirinātar,
_dactive 15th century.
_tPrakāśikayā.
700 0 _aNārāyaṇa,
_cson of Nṛisiṃha,
_dactive 1356.
_tPadārthadīpikayā.
999 _c61839
_d61839